000 02010nam0a2200325 4500
001 RU\NLR\bibl\1271103
005 20260408075316.0
010 _a978-5-9687-0019-3
_92000
021 _aRU
_b2008-54126
_92997
035 _a(NLR Aleph) 001256974
090 _a354876
_c354876
100 _a20080910d2007 |||y0rusy50 ca
101 0 _arus
102 _aRU
105 _aa |||||||||
200 1 _aПодготовка, профессиональное обучение, аттестация и проверка знаний специалистов организаций, поднадзорных федеральной службе по экологическому, технологическому и атомному надзору
_eсборник документов
_fФедер. служба по экол., технол. и атом. надзору
205 _a2-е изд., доп.
210 _aМосква
_cНТЦ "Промышленная безопасность"
_d2007
215 _a54 c.
_cтабл.
_d20
225 1 _aСерия 24. Подготовка и аттестация работников в организациях, поднадзорных Федеральной службе по экологическому, технологическому и атомному надзору
_vвып. 12
606 1 _aПромышленная безопасность
_jНормативные документы
_xКадры
_xПодготовка
_yРоссийская Федерация
_92356014
_3RU\NLR\auth\661407253
686 _aУ28(2)530-640-963я8
686 _aУ24(2)795.30-640-963я8
686 _aХ621.144-39(2Р)
712 0 1 _4570
_aРоссийская Федерация
_bФедеральная служба по экологическому, технологическому и атомному надзору
_9645799
_3RU\NLR\AUTH\8810071874
801 0 _aRU
_bNLR
_c20080910
_gRCR
801 1 _aRU
_bNLR
_c20080910
942 _cBOOK
980 _aNB